Prophets in Islam - Statistics

General Stats
  • This quiz has been taken 7 times
  • The average score is 15 of 25
Answers on the Grid
Answers color-coded by a green-red scale on the quiz's grid according to % correct below.
Adam
Abu Bakr
Idris
Nuh
Hud
Saleh
Maryam
Ibrahim
Ismail
Bilal
Ishaq
Yaqub
Yusuf
Hawwa
Shuaib
Ayub
Dawud
Harun
Ilyas
Al-Yasa
Yunus
Yahya
Dhul-Kifl
Umar
Muhammmad
Isa
Zakariya
Lut
Musa
Sulaiman
 
Answer Stats
Answer % Correct
Ibrahim
100%
Muhammmad
100%
Ilyas
83%
Isa
83%
Musa
83%
Yunus
83%
Zakariya
83%
Ismail
67%
Shuaib
67%
Yahya
67%
Yaqub
67%
Yusuf
67%
Al-Yasa
50%
Dawud
50%
Dhul-Kifl
50%
Harun
50%
Ishaq
50%
Nuh
50%
Saleh
50%
Sulaiman
50%
Adam
33%
Ayub
33%
Hud
33%
Lut
33%
Idris
17%
No matching quizzes found
Score Distribution
Percent of People with Each Score
Percentile by Number Answered
Your Score History
You have not taken this quiz